Free Lyrics (Florence + the Machine) - Statistics

General Stats
  • This quiz has been taken 102 times
  • The average score is 275 of 297
Answer Stats
Answer % Correct
A
100%
a
100%
and
100%
And
100%
do
100%
down
100%
free
100%
I
100%
I'm
100%
it
100%
It
100%
me
100%
puts
100%
up,
100%
up
100%
am
98%
be
98%
beat
98%
but
98%
But
98%
dancing,
98%
dancing
98%
for
98%
picks
98%
Picks
98%
so
98%
the
98%
to
98%
To
98%
when
98%
who
98%
always
96%
at
96%
feel
96%
if
96%
If
96%
it's
96%
medicated
96%
moment,
96%
moment
96%
on
96%
said
96%
should
96%
Sometimes
96%
all
94%
better
94%
far
94%
got
94%
hospital"
94%
in
94%
just
94%
my
94%
never
94%
running
94%
sensitive"
94%
too
94%
wonder
94%
would
94%
cannot
91%
comes
91%
control
91%
discuss
91%
from
91%
head
91%
keep
91%
not
91%
"Okay,
91%
out
91%
sedated
91%
something
91%
spits
91%
they
91%
very
91%
being
89%
fast
89%
fire
89%
let's
89%
show
89%
trying
89%
you
89%
As
87%
clever
87%
day
87%
feeling
87%
hundred
87%
this
87%
times
87%
hear
85%
keeps
85%
push
85%
"You're
85%
back,
83%
coming
83%
Is
83%
is?
83%
is
83%
lightly
83%
died
81%
of
81%
been?
79%
Chews
79%
don't
79%
music,
79%
music
79%
Oh,
79%
us,
79%
exist
77%
singing?
77%
still
77%
death
72%
how
72%
what?
72%
somehow
70%
wanna
70%
Because
68%
cross
68%
give
68%
suffering
68%
that
66%
like
64%
Christ
62%
off?
62%
open
60%
face
55%
there
55%
'Cause
53%
know
53%
arms
51%
call
51%
nothing
51%
else
49%
No matching quizzes found
Score Distribution
Percent of People with Each Score
Percentile by Number Answered
Your Score History
You have not taken this quiz